Plus Beaux Villages de France par images #6 - Statistiques

Statistiques générales
  • Ce quiz a été pris 13 fois
  • Le résultat moyen est 2 sur 16
Statistiques - réponses
Par images Hint Réponse % Correct
Corrèze (19) Collonges-la-Rouge
70%
Pyrénées-Atlantiques (64) Sare
40%
Calvados (14) Beuvron-en-Auge
20%
Dordogne (24) Beynac-et-Cazenac
20%
Indre-et-Loire (37) Candes-Saint-Martin
0%
Côte-d'Or (21) Flavigny-sur-Ozerain
0%
Bas-Rhin (67) Hunspach
0%
Gers (32) La Romieu
0%
Drôme (26) Le Poët-Laval
0%
Doubs (25) Lods
0%
Hérault (34) Minerve
0%
Côtes-d'Armor (22) Moncontour
0%
Aveyron (12) Peyre (Comprégnac)
0%
Haute-Loire (43) Pradelles
0%
Orne (61) Saint-Céneri-le-Gérei
0%
Var (83) Seillans
0%
Aucun quiz correspondant
Distribution des résultats
% des personnes avec chaque résultat
Percentile par nombre de réponses
Votre historique - résultats
Vous n’avez pas pris ce quiz